书目信息 |
| 题名: |
现代空间结构
|
|
| 作者: | 刘锡良 编著 | |
| 分册: | ||
| 出版信息: | 天津 天津大学出版社 2003.06 |
|
| 页数: | 341页 | |
| 开本: | 28cm | |
| 丛书名: | ||
| 单 册: | ||
| 中图分类: | TU399 | |
| 科图分类: | ||
| 主题词: | 空间结构 | |
| 电子资源: | ||
| ISBN: | 7-5618-1764-9 | |
| 000 | 00747nam0 2200217 450 | |
| 001 | 1055230267 | |
| 005 | 20100723152140.25 | |
| 010 | @a7-5618-1764-9@b精装@dCNY230.00 | |
| 100 | @a20100515d2003 km y0chiy0120 ea | |
| 101 | 0 | @achi |
| 102 | @aCN@b120000 | |
| 105 | @aa z 000yy | |
| 200 | 1 | @a现代空间结构@Axian dai kong jian jie gou@f刘锡良编著@Fliu xi liang bian zhu |
| 210 | @a天津@c天津大学出版社@d2003.06 | |
| 215 | @a341页@d28cm | |
| 330 | @a本书介绍了当代建筑过程领域中最新、最前沿的5种空间结构体系,即张拉整体结构、膜结构、开合屋盖结构等。书中对每种结构的构造特点、设计理念、计算方法等作了阐述。 | |
| 606 | 0 | @a空间结构 |
| 690 | @aTU399@v4 | |
| 701 | 0 | @a刘锡良@Aliu xi liang@4编著 |
| 801 | 0 | @aCN@c20100515 |
| 905 | @dTU399@eL690@f3 | |
| 现代空间结构/刘锡良编著.-天津:天津大学出版社,2003.06 |
| 341页;28cm |
| ISBN 7-5618-1764-9(精装):CNY230.00 |
| 本书介绍了当代建筑过程领域中最新、最前沿的5种空间结构体系,即张拉整体结构、膜结构、开合屋盖结构等。书中对每种结构的构造特点、设计理念、计算方法等作了阐述。 |
| ● |
| 相关链接 |
|
|
|
正题名:现代空间结构
索取号:TU399/L690
 
预约/预借
| 序号 | 登录号 | 条形码 | 馆藏地/架位号 | 状态 | 备注 |